00415 2200169 4500001002100000005001500021008004100036035001900077041000700096082000900103090001500112100001200127245003700139260003400176300001800210650001700228INLIS00000000001294020241224114448241224||||||||| | ||| |||| || |  0010-1224012940 aid0 a3307 a3307 Har p0 aHARTOJO00aPELAJARAN 1A EKONOMI DAN KOPRASI aBandungbTARATE BANDUNGc1981 a50hlm;15x21cm 0aIlmu Ekonomi